| 000 | 01208nam a2200241Ia 4500 | ||
|---|---|---|---|
| 999 |
_c39823 _d39823 |
||
| 001 | 6428 | ||
| 003 | GE_BSU | ||
| 005 | 20191118110740.0 | ||
| 008 | 181216s2006||||ge |||||||||||||| ||geo|| | ||
| 020 | _a9994046357 | ||
| 040 | _cGE_BSU | ||
| 041 | _ageo | ||
| 080 | _a343(075.8) ს-54 | ||
| 100 |
_aლეკვეიშვილი, მზია _95360 |
||
| 245 |
_aსისხლის სამართლის კერძო ნაწილი : _b(წ.1). ცვლილებებითა და შესწორებებით 2006 წლის 1 მარტამდე / _cმზია ლეკვეიშვილი, ნონა თოდუა, ნინო გვენეტაძე, გოჩა მამულაშვილი ; რედ.: გ. ტყეშელიაძე. |
||
| 264 |
_aთბილისი : _bმერიდიანი, _c2006. |
||
| 300 |
_a703 გვ. ; _b21 სმ. |
||
| 541 | _h20ლ. | ||
| 653 | _aსისხლის სამართლის კერძო ნაწილი | ||
| 653 | _aსამართალი | ||
| 700 |
_aტყეშელიაძე, გ. _eრედაქტორი _93507 |
||
| 942 |
_cBK _2udc |
||